Manorama yearbook 2014 (Record no. 18838)

MARC details
000 -LEADER
fixed length control field 00490nam a2200181Ia 4500
003 - CONTROL NUMBER IDENTIFIER
control field IN-BaIIA
008 - FIXED-LENGTH DATA ELEMENTS--GENERAL INFORMATION
fixed length control field 211028s9999 xx 000 0 eng d
040 ## - CATALOGING SOURCE
Transcribing agency IIA Library
080 ## - UNIVERSAL DECIMAL CLASSIFICATION NUMBER
Universal Decimal Classification number 058(540)
Item number MAN-14
245 #0 - TITLE STATEMENT
Title Manorama yearbook 2014
Statement of responsibility, etc. edited by Mammen Mathew
250 ## - EDITION STATEMENT
Edition statement 49th ed.
260 ## - PUBLICATION, DISTRIBUTION, ETC.
Place of publication, distribution, etc. Kottayam
Name of publisher, distributor, etc. Malayala Manorama
Date of publication, distribution, etc. 2014
300 ## - PHYSICAL DESCRIPTION
Extent 1038p.
650 ## - SUBJECT ADDED ENTRY--TOPICAL TERM
Topical term or geographic name entry element India-Yearbook
9 (RLIN) 33313
650 ## - SUBJECT ADDED ENTRY--TOPICAL TERM
Topical term or geographic name entry element Yearbook-India
9 (RLIN) 33314
700 ## - ADDED ENTRY--PERSONAL NAME
Personal name Mathew, Mammen. ed.
9 (RLIN) 36011
942 ## - ADDED ENTRY ELEMENTS (KOHA)
Koha item type Books
Holdings
Withdrawn status Lost status Damaged status Not for loan Home library Current library Shelving location Date acquired Source of acquisition Cost, normal purchase price Total Checkouts Full call number Barcode Date last seen Cost, replacement price Price effective from Koha item type Purchase Price
        IIA Library-Bangalore IIA Library-Bangalore General Stacks 08/01/2014 INT 210.00   058(540)/ MAN-14 19760 05/11/2021 210.00 08/01/2014 Books Rs. 210.00

Powered by Koha